The molecular biology of the yeast saccharomyces: life cycle and inheritance
Saved in:
| Main Authors: | , , |
|---|---|
| Format: | Bog |
| Sprog: | engelsk |
| Udgivet: |
Cold Spring Harbor
CSH Laboratory
1981
|
| Serier: | Cold Spring Harbor Monograph
|
| Fag: | |
| Tags: |
Tilføj Tag
Ingen Tags, Vær først til at tagge denne postø!
|
MARC
| LEADER | 00000nam a2200000 a 4500 | ||
|---|---|---|---|
| 001 | UCU4157 | ||
| 003 | CL-VaPUC | ||
| 008 | 960517e19810000us |||||||||||||||||eng|d | ||
| 082 | 0 | 4 | |a 572.8 |b STR |2 21 |
| 100 | 0 | |a Strathern, Jeffrey N |e author |9 361600 | |
| 700 | 0 | |a Jones, Elizabeth W |e author |9 361601 | |
| 700 | 0 | |a Broach, James R |e author |9 361602 | |
| 245 | 1 | 4 | |a The molecular biology of the yeast saccharomyces: life cycle and inheritance |
| 300 | |a 751 p | ||
| 942 | |c BK | ||
| 945 | |d 19960517 00:00:00 |a paguirre | ||
| 260 | |a Cold Spring Harbor |b CSH Laboratory |c 1981 | ||
| 650 | 0 | |a Biología molecular |9 269677 | |
| 650 | 0 | |a Fermentación |9 259565 | |
| 650 | 0 | |a Bioquímica |9 259492 | |
| 650 | 0 | |a Reacciones químicas |9 259438 | |
| 650 | 0 | |a Células |9 269548 | |
| 650 | 0 | |a Genes |9 330314 | |
| 583 | |a last modification |c 20150511 04:27:29 |k Rodrigo Vera | ||
| 490 | 0 | |a Cold Spring Harbor Monograph | |
| 999 | |c 247960 |d 247958 | ||
| 952 | |0 0 |1 0 |4 0 |6 572_800000000000000_STR_1981 |7 0 |8 A |9 264238 |a BIBING |b BIBING |d 2019-11-19 |i 1661825 |o 572.8 STR 1981 |p 1661825 |r 2025-01-20 |w 2019-11-19 |y BK |k EIB | ||